[Event "AUT-chT2O 9798"]
[Site "Austria"]
[Date "1998.??.??"]
[Round "9"]
[White "Nussbaumer, Johann"]
[Black "Zetthofer, Gerald"]
[Result "0-1"]
[WhiteElo "2145"]
[BlackElo "2220"]
[PlyCount "108"]
[EventDate "1997.??.??"]
[EventType "team"]
[EventRounds "13"]
[EventCountry "AUT"]
[SourceTitle "EXT 1999"]
[Source "ChessBase"]
[SourceDate "1998.11.16"]
[SourceVersion "1"]
[SourceVersionDate "1998.11.16"]
[SourceQuality "1"]

1. d4 d5 2. c4 e6 3. Nf3 Nf6 4. Nc3 c6 5. Bg5 Be7 6. e3 0-0 7. Rc1 Nbd7 8. Bd3 dxc4 9. Bxc4 Nd5 10. Bxe7 Qxe7 11. 0-0 Nxc3 12. Rxc3 e5 13. dxe5 Nxe5 14. Nxe5 Qxe5 15. f4 Qf6 16. f5 b6 17. e4 Bb7 18. Qd7 Rab8 19. Qc7 Qd8 20. Qf4 Qd4+ 21. Kh1 c5 22. Bd5 Bxd5 23. exd5 Qxf4 24. Rxf4 Rbd8 25. Rd3 Rfe8 26. Kg1 Rd6 27. Rf2 Re5 28. Rfd2 Rxf5 29. g3 g5 30. Kg2 g4 31. h3 h5 32. hxg4 hxg4 33. b3 Kg7 34. a4 Kg6 35. b4 cxb4 36. Rd4 Kg5 37. Rxb4 Rdxd5 38. Rxd5 Rxd5 39. Rc4 Rd2+ 40. Kf1 Ra2 41. Rb4 f5 42. Kg1 Kf6 43. Kf1 Ke5 44. Kg1 Rd2 45. a5 bxa5 46. Ra4 Rd5 47. Kf2 Kd6 48. Ke3 Kc6 49. Ra1 Kb5 50. Rb1+ Kc4 51. Rc1+ Kb3 52. Rc7 Rb5 53. Rxa7 a4 54. Kd4 a3 0-1

[Event "AUT-chT2O 9697"]
[Site "Austria"]
[Date "1996.??.??"]
[Round "?"]
[White "Ranits, Franz"]
[Black "Zetthofer, Gerald"]
[Result "1-0"]
[WhiteElo "2140"]
[BlackElo "2225"]
[PlyCount "53"]
[EventDate "1996.??.??"]
[EventType "team"]
[EventRounds "11"]
[EventCountry "AUT"]
[SourceTitle "EXT 1998"]
[Source "ChessBase"]
[SourceDate "1997.11.17"]
[SourceVersion "1"]
[SourceVersionDate "1997.11.17"]
[SourceQuality "1"]

1. e4 e6 2. d4 d5 3. Nd2 c5 4. Ngf3 Nc6 5. Bb5 Nf6 6. exd5 exd5 7. 0-0 Be7 8. dxc5 0-0 9. Nb3 Bg4 10. Be2 Ne4 11. Be3 Re8 12. c3 Rc8 13. Qd3 Bxf3 14. Bxf3 Ne5 15. Qe2 Bxc5 16. Bxe4 Bxe3 17. Bxh7+ Kxh7 18. Qxe3 Rc6 19. Rad1 Rh6 20. Rd4 f5 21. h3 g5 22. Qd2 g4 23. Rxd5 Qh4 24. Qf4 Nf3+ 25. gxf3 Qxh3 26. Rd7+ Kg6 27. Rd6+ 1-0